000 01074cam a22003015a 4500
001 14876908
003 OSt
005 20230602110711.0
008 070604m20069999ke a b 001 0 eng
010 _a 2007380658
020 _a9966702652
040 _aDLC
_cDLC
_dDLC
042 _alcode
043 _af-ke---
082 _a305.6762
_bSID
245 0 0 _aReadings on inequality in Kenya :
_bsectoral dynamics and perspectives.
260 _aNairobi :
_bSociety for International Development, Eastern Africa Regional Office,
_cc2006-
300 _av. <1> :
_bcol. ill. ;
_c25 cm.
504 _aIncludes bibliographical references and index.
650 0 _aEquality
_zKenya.
651 0 _aKenya
_xEconomic conditions.
651 0 _aKenya
_xSocial conditions.
710 2 _aSociety for International Development.
_bRegional Office for Eastern Africa.
856 4 1 _3Table of contents only
_uhttp://www.loc.gov/catdir/toc/fy0803/2007380658.html
906 _a7
_bibc
_corigode
_d3
_encip
_f20
_gy-gencatlg
942 _2ddc
_cBK
999 _c82
_d82